Mastering JavaScript and JScript / (Record no. 3649)

MARC details
000 -LEADER
fixed length control field 00695nam a2200241 a 4500
003 - CONTROL NUMBER IDENTIFIER
control field PK-NaQUE
005 - DATE AND TIME OF LATEST TRANSACTION
control field 20250310114004.0
008 - FIXED-LENGTH DATA ELEMENTS--GENERAL INFORMATION
fixed length control field 250310b ||||| |||| 00| 0 eng d
020 ## - INTERNATIONAL STANDARD BOOK NUMBER
International Standard Book Number 0782124925 (paperback)
020 ## - INTERNATIONAL STANDARD BOOK NUMBER
International Standard Book Number 9780782124927 (paperback)
040 ## - CATALOGING SOURCE
Transcribing agency QUEST
100 1# - MAIN ENTRY--PERSONAL NAME
Personal name Jaworski, James.
245 10 - TITLE STATEMENT
Title Mastering JavaScript and JScript /
250 ## - EDITION STATEMENT
Edition statement 1st ed.
260 ## - PUBLICATION, DISTRIBUTION, ETC. (IMPRINT)
Place of publication, distribution, etc [S.l.] :
Name of publisher, distributor, etc Sybex,
Date of publication, distribution, etc 1999.
300 ## - PHYSICAL DESCRIPTION
Extent 895 p. ;
650 ## - SUBJECT ADDED ENTRY--TOPICAL TERM
Topical term or geographic name as entry element Netscape Communicator.
650 ## - SUBJECT ADDED ENTRY--TOPICAL TERM
Topical term or geographic name as entry element JavaScript (Computer program language)
650 ## - SUBJECT ADDED ENTRY--TOPICAL TERM
Topical term or geographic name as entry element JScript (Computer program language)
650 ## - SUBJECT ADDED ENTRY--TOPICAL TERM
Topical term or geographic name as entry element Internet.
856 40 - ELECTRONIC LOCATION AND ACCESS
Uniform Resource Identifier <a href="http://10.10.170.122:8080/browse/book/26773">http://10.10.170.122:8080/browse/book/26773</a>
Link text eBook
942 ## - ADDED ENTRY ELEMENTS (KOHA)
Koha item type Books
Source of classification or shelving scheme Dewey Decimal Classification
Holdings
Withdrawn status Lost status Damaged status Not for loan Home library Current library Date acquired Total Checkouts Full call number Barcode Date last seen Date checked out Price effective from Koha item type Source of classification or shelving scheme Shelving location
        Central Library, QUEST, Nawabshah Central Library, QUEST, Nawabshah 20/05/2014 1 005.133JAW 25480 30/11/2020 06/11/2018 20/05/2014 Books    
        Central Library, QUEST, Nawabshah Central Library, QUEST, Nawabshah 17/06/2014   005.133JAW 25725 17/06/2014   17/06/2014 Books    
        Reference Section Reference Section 20/05/2014   005.2762 JAW (Shelf - 08A) 25481 10/03/2025   10/03/2025 Books Dewey Decimal Classification Reference